000 00714nam a22002297a 4500
999 _c14605
_d14605
003 AR-CdUCM
008 190424b ||||| |||| 00| 0 spa d
020 _a978-84-8470-440-9
040 _aMUNICIPALIDAD PROVINCIAL DEL CUSCO
_cBIBLIOTECA MUNICIPAL DEL CUSCO
082 _aEP / 376.1 /
_bJ11
100 _aJacobs, Nadine
_933450
245 _aUn bebé caído del cielo /
260 _aBarcelona :
_bCorimbo,
_c2011.
300 _a29 páginas ;
_c15 cm.
_bIlustraciones,
500 _aTitulo original : "Un bébé tombé du ciel".
650 _aHistoria
_951600
650 _aNiños
_99390
650 _aCuento
_94671
700 _aHellings, Colette
_933451
942 _2ddc
_cLIBROS
945 _arah
_d24/04/2019